Регионална библиотека "Любен Каравелов" - Русе

Христофор Колумб - мореплавателят (Запис номер 185736)

MARC детайли
000 -Лидер
Контролно поле с фиксирана дължина 01942nam a2200409 a 4500
003 - Код на организацията, давaща контролен номер
Контролно поле BLK
005 - Дата и час на последна редакция
Контролно поле 20241219112828.0
008 - Елементи от данни с фиксирана дължина
fixed length control field 180411b bul|||||r ||||||| ||bul||
010 ## - Наследен системен номер
LC control number KNG00194730000
040 ## - Източник на каталожния запис
Идентификатор на билиотеката - собственик на записа BLK
041 ## - Код за език
Код за езика на текст/звукозапис или на отделно заглавие Български
Код за езика КДБФ Български
080 ## - УДК
Текстов определител УДК Откривателски пътешествия. Експедиции
УДК код - определител по УДК 910.4
УДК определител (45)(092)
УДК - код + определител 910.4(45)(092)
080 ## - УДК
Текстов определител УДК Генуезки изследовател и търговец, прекосил Атлантическия океан и достигнал Америка
УДК код - определител по УДК 929 Колумб, Христофор
УДК - код + определител 929 Колумб, Христофор
100 1# - Редна дума - Автор
Автор Морисън, Самюел Е.
Авторска отговорност първи автор
R(LIN) 295507
139 ## - Редно поле
Редна дума Морисън, Самюел Е.
Авторски знак Коло - К 79
245 10 - Сведения за заглавието
Заглавие Христофор Колумб - мореплавателят
Подзаглавни данни Биогр.
Редно поле (дума) Самюел Е. Морисън; прев. от англ. Красимира Владимирова Икономова.
257 ## - Страна на издаване
Страна на създаване/издаване Съединени американски щати
260 ## - Област на издателските данни
Име на издателя, разпространителя и проч. Държ. изд.
Година на издаване 1969
Място на издаване, разпространение и проч. София
300 ## - Физическа характеристика
Размери/Мащаб 21 см
Страници 224 с.
380 ## - Жанр
Жанр География
490 ## - СЕРИИ (Колекции)
Име на серия Библиотека Морета, брегове и хора
9 (RLIN) 205773
600 14 - Име на лице, използвано като предмет
За него / За нея Колумб, Христофор
9 (RLIN) 81616
650 #4 - Допълнително описание по предмет – тема
Основно описание – тема или топоним Пътешественици, италиански - биографии
9 (RLIN) 313082
650 #7 - Допълнително описание по предмет – тема
Основно описание – тема или топоним Географски пътешествия и открития - Америка - история
Източник на редна или ключова дума
9 (RLIN) 151892
653 ## - Ключова дума – ненормативна
Ключова дума Христофор Колумб
653 ## - Ключова дума – ненормативна
Ключова дума пътешественици
653 ## - Ключова дума – ненормативна
Ключова дума откриватели
653 ## - Ключова дума – ненормативна
Ключова дума мореплаватели
700 ## - Други автори (авторска отговорност)
Лично име Икономова, Красимира Владимирова
9 (RLIN) 365183
852 ## - Местоположение
Форматна сигнатура Цб 49499
856 4# - Електронен адрес и достъп
Електронен формат pdf - файл
856 4# - Електронен адрес и достъп
Електронен формат pdf - файл
999 ## - СИСТЕМНИ КОНТРОЛНИ НОМЕРА
Koha biblionumber 185736
Koha biblioitemnumber 185736
942 ## - АРТИКУЛИ
Вид на библиотечния материал Книги
Скрит в OPAC Не
Koha issues (borrowed), all copies 1
Периодичен библиозапис Да
944 ## - СЪЗДАВАНЕ И РЕДАКЦИЯ на ЗАПИСА
Създаване/Редакция Създаване
Дата на регистрацията/редакция 31.10.2016
Служител, извършил регистрацията/редакцията 30560
Статус, дата на статуса Геновева Генчева
944 ## - СЪЗДАВАНЕ И РЕДАКЦИЯ на ЗАПИСА
Създаване/Редакция Редакция
Дата на регистрацията/редакция 31.10.2016
Служител, извършил регистрацията/редакцията Кети_Илиева
999 ## - СИСТЕМНИ КОНТРОЛНИ НОМЕРА
Koha biblioitemnumber 185736
Наличности
Код за отписване Код за изгубен артикул Източник на класификационната схема Код за повреда Коз за рестрикции Код за отдаване Артикулен № Име на библиотеката - собственик Име на библиотеката, в която се намира в момента Статус (Текущо местоположение) Дата на вписване в системата Местоположение - отдел Цена в лева Инвентарен номер Систематично азбучна сигнатура Баркод Номер на екземпляра Цена в евро Служебна бележка Служебен тип на артикула Бележка за публиката
  Не е изгубен Universal Decimal Classification Не е повреден без рестрикции ползва се в читалня 322356 Регионална библиотека "Любен Каравелов" Русе Регионална библиотека "Любен Каравелов" Русе Хранилище 1969-01-01 Хранилище 2.70 56337 Цб 49499 120000056337 1 1.38 Вид: Сф Дата: 01.01.1969 Книги  
Изтеглен Не е изгубен   Не е повреден без рестрикции заемане за дома 322357 Регионална библиотека "Любен Каравелов" Русе Регионална библиотека "Любен Каравелов" Русе   1969-01-01 Заемна - подръчен фонд 1.07 55408 П 910(092)/К 79 55408 2 0.55 Вид: Сф Дата: 01.01.1969 Книги Отч.N: 19/2018 , Дата: 22.03.2018
Изтеглен Не е изгубен   Не е повреден без рестрикции заемане за дома 322358 Регионална библиотека "Любен Каравелов" Русе Регионална библиотека "Любен Каравелов" Русе   1969-01-01 Заемна - подръчен фонд 1.07 55413 П 910(092)/К 79 55413 3 0.55 Вид: Сф Дата: 01.01.1969 Книги Отч.N: 19/2018 , Дата: 22.03.2018
Изтеглен Не е изгубен   Не е повреден без рестрикции заемане за дома 322359 Регионална библиотека "Любен Каравелов" Русе Регионална библиотека "Любен Каравелов" Русе   1969-01-01 Заемна - подръчен фонд 1.07 55414 П 910(092)/К 79 55414 4 0.55 Вид: Сф Дата: 01.01.1969 Книги Отч.N: 19/2018 , Дата: 22.03.2018
Изтеглен Не е изгубен Universal Decimal Classification Не е повреден без рестрикции заемане за дома 322360 Регионална библиотека "Любен Каравелов" Русе Регионална библиотека "Любен Каравелов" Русе Заемна - подръчен фонд 1969-01-01 Заемна - подръчен фонд 2.70 634132 П 910(092)/К 79 634132 5 1.38 Вид: Сф Дата: 01.01.1969 Дата инв: 07.02.2018 Бележки инв: П2018 Книги  
Vip Innovations Ltd, Rousse, Bulgaria 2025